[Event "Midwest Masters"]
[Site "Chicago, IL USA"]
[Date "1985.??.??"]
[Round "1"]
[White "Penkalsky, D."]
[Black "Kaminsky, Oleg M"]
[Result "0-1"]
[WhiteElo "2200"]
[BlackElo "2360"]
[PlyCount "64"]
[EventDate "1985.??.??"]
[Source "www.chesslib.no"]
[SourceDate "2004.05.04"]

1. e4 e5 2. f4 exf4 3. Nf3 g5 4. h4 g4 5. Ne5 Nf6 6. d4 d6 7. Nd3 Nxe4 8. Bxf4 f5 9. Nd2 Be7 10. g3 d5 11. Ne5 Be6 12. Nxe4 dxe4 13. c4 c6 14. Qd2 Bf6 15. O-O-O Nd7 16. Qc3 Qe7 17. Kb1 O-O 18. Bg5 Bxg5 19. Nxd7 Bxd7 20. hxg5 Qxg5 21. d5 cxd5 22. Rxd5 Bc6 23. Rd6 Rad8 24. c5 Rxd6 25. cxd6 Qf6 26. Bc4+ Kg7 27. Qe3 Qxd6 28. Qg5+ Kh8 29. Qh5 Qe7 30. Be6 e3 31. Rh2 Be4+ 32. Ka1 e2 0-1

[Event "SSKK"]
[Site "?"]
[Date "1997.04.15"]
[Round "?"]
[White "Elison Kari (ISL)"]
[Black "Koskinen Pertti (FIN)"]
[Result "1/2-1/2"]
[WhiteElo "2270"]
[BlackElo "2290"]
[PlyCount "72"]
[EventDate "1997.??.??"]
[Source "www.chesslib.no"]
[SourceDate "2004.05.04"]

1. e4 e5 2. f4 exf4 3. Nf3 g5 4. h4 g4 5. Ne5 Nf6 6. Bc4 d5 7. exd5 Bd6 8. d4 O-O 9. O-O Nh5 10. Nxg4 Qxh4 11. Nh2 Ng3 12. Re1 Bf5 13. Nd2 Nd7 14. Ndf3 Qh5 15. Bd2 Rae8 16. Bb5 Rxe1+ 17. Bxe1 Nf6 18. c4 a6 19. Ba4 Rd8 20. c5 Bxc5 21. dxc5 Rxd5 22. Qb3 Rd3 23. Qxb7 Be4 24. Qxc7 Rxf3 25. gxf3 Ne2+ 26. Kg2 Qg6+ 27. Kf2 Bd3 28. Ng4 Nxg4+ 29. fxg4 Qg5 30. Qc8+ Kg7 31. Kg2 Qd5+ 32. Kh2 Qd4 33. Bc6 f3 34. Bg3 Nxg3 35. Kxg3 Qe5+ 36. Kxf3 Qe2+ 1/2-1/2

[Event "Corr"]
[Site "?"]
[Date "2003.05.10"]
[Round "?"]
[White "Schmidt Mrs.Anja (GER)"]
[Black "Staf Gunnar (SWE)"]
[Result "1-0"]
[WhiteElo "2202"]
[BlackElo "2352"]
[PlyCount "91"]
[EventDate "2003.??.??"]
[Source "www.chesslib.no"]
[SourceDate "2004.05.04"]

1. e4 e5 2. f4 exf4 3. Nf3 g5 4. h4 g4 5. Ne5 Nf6 6. d4 d6 7. Nd3 Nxe4 8. Bxf4 Bg7 9. c3 O-O 10. Nd2 Re8 11. Nxe4 Rxe4+ 12. Be2 Nc6 13. g3 Qe8 14. Kf2 f5 15. Bc1 Qf7 16. Nf4 Bd7 17. Bd3 Ree8 18. Qb3 Qxb3 19. axb3 Nxd4 20. cxd4 Bxd4+ 21. Kf1 a6 22. Rh2 c6 23. Re2 Re5 24. Ra4 c5 25. Bc4+ Kh8 26. Ra2 Rae8 27. Bd2 Bc6 28. b4 Be4 29. Re1 Kg7 30. b5 axb5 31. Bxb5 R8e7 32. Ne2 Bd5 33. Ra7 Bxb2 34. Bg5 Rf7 35. Rb1 Bd4 36. Nxd4 cxd4 37. Rb4 Be4 38. Bc4 Rc7 39. Ke2 Rec5 40. Bd3 Bxd3+ 41. Kxd3 Rc3+ 42. Kxd4 Rxg3 43. Rbxb7 Rxb7 44. Rxb7+ Kg8 45. Kd5 Rh3 46. Ke6 1-0

[Event "Lyngby Open"]
[Site "Lyngby DEN"]
[Date "1991.??.??"]
[Round "?"]
[White "Mach, Holger"]
[Black "Kjeldsen, Jens"]
[Result "0-1"]
[WhiteElo "2240"]
[BlackElo "2305"]
[PlyCount "92"]
[EventDate "1991.??.??"]
[Source "www.chesslib.no"]
[SourceDate "2004.05.04"]

1. e4 e5 2. f4 exf4 3. Nf3 g5 4. h4 g4 5. Ne5 Nf6 6. d4 d6 7. Nd3 Nxe4 8. Bxf4 Bg7 9. c3 Nc6 10. Nd2 Nf6 11. Qe2+ Qe7 12. O-O-O Be6 13. Re1 O-O-O 14. Qf2 h6 15. Bg3 Nd5 16. Nb3 Nf6 17. h5 Qd7 18. Bh4 g3 19. Bxg3 Rde8 20. Bf4 Bg4 21. Be2 Bxe2 22. Rxe2 Qf5 23. Rxe8+ Rxe8 24. Qf3 a5 25. Nd2 a4 26. Qh3 Qxh3 27. Rxh3 Nd5 28. Rg3 Nxf4 29. Nxf4 Bf6 30. Kd1 Ne7 31. Ne4 Bh4 32. Re3 Nf5 33. Re2 Rg8 34. Kd2 c6 35. Kd3 b6 36. c4 Rg4 37. Nh3 d5 38. cxd5 cxd5 39. Nc3 Rg3+ 40. Kd2 Nxd4 41. Re8+ Kd7 42. Rf8 Rxg2+ 43. Kd3 Ne6 44. Rxf7+ Kd6 45. Rf3 Rxb2 46. Rf5 Rh2 0-1

[Event "BCF-ch"]
[Site "Torquay"]
[Date "2002.08.03"]
[Round "6"]
[White "Jones, Richard S"]
[Black "Eames, Robert"]
[Result "1/2-1/2"]
[WhiteElo "2234"]
[BlackElo "2310"]
[PlyCount "116"]
[EventDate "2002.07.29"]
[Source "ChessBase"]
[SourceDate "2002.11.12"]

1. e4 e5 2. f4 exf4 3. Nf3 g5 4. h4 g4 5. Ne5 Nf6 6. d4 d6 7. Nd3 Nxe4 8. Bxf4 Qe7 9. Be2 Bg7 10. c3 O-O 11. Nd2 Re8 12. Nxe4 Qxe4 13. Kf2 Nc6 14. Re1 Bf5 15. Kg3 h5 16. Qb3 Be6 17. Qxb7 Bd5 18. Bf1 Nxd4 19. Qxc7 Nf5+ 20. Kh2 Qa4 21. b3 g3+ 22. Kh1 Rxe1 23. Rxe1 Qxa2 24. c4 Be6 25. Qb7 Rf8 26. Bg5 Bc3 27. Rc1 Bd2 28. Bxd2 Qxd2 29. Qf3 Qh6 30. Be2 Qf6 31. Qxh5 Qxh4+ 32. Qxh4 Nxh4 33. Nf4 Nf5 34. Nh5 Nd4 35. Bd1 f5 36. Nxg3 f4 37. Ne4 Rd8 38. Ra1 Bf5 39. Nf6+ Kg7 40. Nh5+ Kh6 41. Nxf4 Kg5 42. Ne2 Nc6 43. Ng3 Bd3 44. Bf3 Nd4 45. Rd1 Nxf3 46. gxf3 Bc2 47. Rd4 Bxb3 48. Ne4+ Kf5 49. Kg2 a5 50. Rd5+ Kf4 51. Ng3 Rg8 52. Kf2 Rxg3 53. Rd4+ Ke5 54. Re4+ Kf5 55. Kxg3 a4 56. Rf4+ Ke5 57. Kg4 a3 58. Kg5 d5 1/2-1/2

[Event "SWE-chT 0203"]
[Site "?"]
[Date "2003.02.08"]
[Round "7"]
[White "Semcesen Daniel"]
[Black "Moberg Karl Johan"]
[Result "0-1"]
[WhiteElo "2190"]
[BlackElo "2354"]
[PlyCount "54"]
[EventDate "2003.??.??"]
[Source "www.chesslib.no"]
[SourceDate "2004.05.04"]

1. e4 e5 2. f4 exf4 3. Nf3 g5 4. h4 g4 5. Ne5 Nf6 6. d4 d6 7. Nd3 Nxe4 8. Bxf4 Bg7 9. c3 O-O 10. Nd2 Re8 11. Nxe4 Rxe4+ 12. Be2 g3 13. Bxg3 Bg4 14. Nc1 Qe7 15. Kf1 Bxe2+ 16. Nxe2 Nd7 17. Qd2 Qf6+ 18. Bf4 Rae8 19. Re1 Bh6 20. g3 Bxf4 21. gxf4 Nb6 22. b3 Nd5 23. Rh2 Kh8 24. c4 Ne3+ 25. Kg1 Nf5 26. Rf1 Qg6+ 27. Kh1 Rxe2 0-1

[Event "Copenhagen"]
[Site "Copenhagen"]
[Date "1995.??.??"]
[Round "4"]
[White "Kristensen, Kaare"]
[Black "Sorensen, Torben"]
[Result "1-0"]
[WhiteElo "2280"]
[BlackElo "2255"]
[PlyCount "53"]
[EventDate "1995.??.??"]
[Source "ChessBase"]

1. e4 e5 2. f4 exf4 3. Nf3 g5 4. h4 g4 5. Ne5 Nf6 6. Bc4 d5 7. exd5 Bd6 8. d4 Nh5 9. O-O Qxh4 10. Qe1 Qxe1 11. Rxe1 O-O 12. Nc3 Re8 13. Bd2 Bf5 14. Nb5 Nd7 15. Nxd7 Bxd7 16. Nxd6 cxd6 17. Bb4 Bf5 18. Bxd6 Bxc2 19. Be7 Ba4 20. d6 Ng7 21. Re4 Ne6 22. Bxe6 fxe6 23. Rxf4 h5 24. Re1 Rac8 25. Re5 Rc1+ 26. Kh2 Kg7 27. Rxh5 1-0